Mahuida: relatos Pehuenches del Alto Bío Bío
Saved in:
| Corporate Author: | |
|---|---|
| Other Authors: | |
| Format: | Book |
| Language: | Spanish |
| Published: |
Santiago
Fundación Pehuén
2001
Santiago Endesa Chile 2001 |
| Subjects: | |
| Tags: |
Add Tag
No Tags, Be the first to tag this record!
|
MARC
| LEADER | 00000nam a2200000 a 4500 | ||
|---|---|---|---|
| 001 | UCH1888 | ||
| 003 | CL-VaPUC | ||
| 005 | 20200512134231.0 | ||
| 008 | 090514e20010000cl |||||||||||||||||spa|d | ||
| 999 | |c 333784 |d 333782 | ||
| 040 | |c Pontificia Universidad Católica de Valparaíso | ||
| 082 | 0 | 4 | |a 398.4 FUN 2001 |2 21 |
| 110 | 2 | |a Fundación Pehuén |9 536474 | |
| 245 | 1 | 0 | |a Mahuida: relatos Pehuenches del Alto Bío Bío |
| 260 | |a Santiago |b Fundación Pehuén |c 2001 | ||
| 260 | |a Santiago |b Endesa Chile |c 2001 | ||
| 300 | |a v | ||
| 500 | |a Ilustraciones Themo Lobos | ||
| 505 | |a v.1: Epeu ngutram-che ka teiñ mapu-meo: relatos del hombre y la naturaleza. v.2: Epeu Ngtram Moguen ka Quimun-che: relatos de hechos de la vida y creencias. v.3: Epeu Ngutram Mahuida Mapu-meo ka Eluwma Quimun: relatos de la naturaleza y lo sagrado. Edición bilingüe: Español y Mapudungum | ||
| 583 | |a last modification |c 20171011 01:58:35 |k Rodrigo Vera | ||
| 650 | 7 | |a TRADICION MAPUCHE |2 CL-VaPUC |9 536475 | |
| 650 | 7 | |a HISTORIA TRADICIONAL MAPUCHE |2 CL-VaPUC |9 536476 | |
| 650 | 7 | |a CREENCIAS MAPUCHES |2 CL-VaPUC |9 536477 | |
| 700 | 1 | |a Lobos, Themo |e Ilustrador |9 856321 | |
| 942 | |c BK |2 ddc | ||
| 945 | |d 20090514 00:00:00 |a dcastane | ||
| 952 | |0 0 |1 0 |4 0 |6 398_400000000000000_FUN_2001 |7 0 |8 X |9 422389 |a FDOMLP |b FDOMLP |d 2019-11-22 |h v.1 |i 4547128 |o 398.4 FUN 2001 |p 4547128 |r 2019-11-22 |t 1 |w 2019-11-22 |y BK_X |k BUD | ||
| 952 | |0 0 |1 0 |4 0 |6 398_400000000000000_FUN_2001 |7 0 |8 X |9 422390 |a FDOMLP |b FDOMLP |d 2019-11-22 |h v.2 |i 4547136 |o 398.4 FUN 2001 |p 4547136 |r 2019-11-22 |t 1 |w 2019-11-22 |y BK_X |k BUD | ||
| 952 | |0 0 |1 0 |4 0 |6 398_400000000000000_FUN_2001 |7 0 |8 X |9 422391 |a FDOMLP |b FDOMLP |d 2019-11-22 |h v.3 |i 4547144 |o 398.4 FUN 2001 |p 4547144 |r 2019-11-22 |t 1 |w 2019-11-22 |y BK_X |k BUD | ||